Tadoussac - Choix multiples - Statistiques

Statistiques générales
  • Ce quiz a été pris 12 fois
  • Le résultat moyen est 6 sur 10
Statistiques - réponses
Question Réponse % Correct
Dans quelle province canadienne se situe Tadoussac ? La province de Québec
92%
Quelle rivière se jette dans le Saint-Laurent à hauteur de Tadoussac ? La rivière Saguenay
83%
Reconnaissez-vous le Grand Hôtel Tadoussac sur les photographies suivantes ?
75%
À quel peuple autochtone appartenait le chef Anadabijou qui négocia la "Grande Alliance" avec le précédent ? Tadoussac se trouve sur le territoire historique de ce peuple.

Attention, les réponses donnent le nom que les Amérindiens se donnent à eux-mêmes et entre parenthèses, le nom que les Français leur donnaient.
Les Innous (les Montagnais)
67%
Laquelle de ces propositions sur Tadoussac est vraie ? Tadoussac abrite le plus vieux lieu de culte en bois du Canada encore debout aujourd'hui.
58%
Quel type de vallée la rivière précédente forme-t-elle ? Un fjord
58%
Lequel de ces animaux marins ne peut-on pas observer sur le Saint-Laurent à hauteur de Tadoussac et de Grandes-Bergeronnes ? Le lamantin
50%
Quel explorateur français scella à Tadoussac, en 1603, une alliance stratégique avec la majorité des nations amérindiennes de la région, la "Grande Alliance" ? Samuel de Champlain
50%
Quel type d'étendue d'eau le fleuve Saint-Laurent forme-t-il à hauteur de Tadoussac ? Un estuaire
50%
Laquelle de ces autres propositions sur Tadoussac est vraie ? Tadoussac abrite les plus hautes dunes de sable du Canada.
42%
Aucun quiz correspondant
Distribution des résultats
% des personnes avec chaque résultat
Percentile par nombre de réponses
Votre historique - résultats
Vous n’avez pas pris ce quiz